| 000 | 00870nac a22002171u 4500 | ||
|---|---|---|---|
| 010 | _a2001034860 | ||
| 020 | _a0324149646 (alk. paper) | ||
| 082 | 0 | 0 |
_a339 _bF2336 |
| 090 |
_c1556 _d1556 |
||
| 100 | _aFarmer, Roger E. A. | ||
| 245 | 1 | 0 |
_aMacroeconomics / _cRoger E.A. Farmer. |
| 250 | _a2nd ed. | ||
| 260 |
_aAustralia ; _aCincinnati, Ohio : _bSouth-Western, _c2002. |
||
| 300 |
_axxiv, 456 p. : _bill. ; _c24cm. + _e1 computer laser optical disc (4 3/4 in.) |
||
| 500 | _aRev. ed. of: Macroeconomics. c1999. | ||
| 504 | _aIncludes bibliographical references and index. | ||
| 650 | 0 | _aMacroeconomics. | |
| 942 |
_cNB _k339F2336 |
||
| 999 |
_c1556 _d1556 |
||